| 000 | 00643nam a22002177a 4500 | ||
|---|---|---|---|
| 003 | UA-OsUOA | ||
| 001 | 53272 | ||
| 007 | ta | ||
| 008 | 20080326b un ||||| |||| 00| 0 ukr d | ||
| 090 |
_a811.112.2 _bН50 |
||
| 942 | _cBK | ||
| 040 |
_aUA-OsUOA _brus _cUA-OsUOA _dUA-OsUOA |
||
| 245 |
_aНемецкий язык. 10-11 классы. Бизнес-курс _cСухова Т. |
||
| 300 | _a157 с. | ||
| 955 | _a2 | ||
| 041 | _arus | ||
| 080 | _a811.112.2 | ||
| 260 |
_aВолгоград _c2007 |
||
| 650 | 7 |
_a8 Мовознавство. Художня література. Літературознавство _2UDC |
|
| 999 |
_c339367 _d339367 |
||